000 01028nam a2200241 4500
005 20210725203001.0
008 210725s1988 gw |||fr|||| 001 0 eng d
020 _a9187484064
040 _aCENDOC CAAAP
_bspa
_cCAAAP
041 _aeng
050 _aHD 1903
_bS59
100 1 _91172
_aSkar, Harald O.
245 1 4 _aThe warm valley people :
_bduality and land reform among the quchua indians of highland Peru /
_cHarald O. Skar ; prefacio de Norman Long
250 _a2da ed.
260 _aGöterborg:
_bEtnografiska Museum,
_c1988
300 _a350 p.
490 _a(Etnologiska Studier ;
_v40)
505 _aContiene : Introduction --The situation of reform and of the Quechua Indian populaton in Peru -- Agrarian reform, history and comparisons -- The valleyand the Matapuquio community -- The Ayllu mobilization base -- Social change and future trends -- Appendix.
650 1 0 _9567
_aReforma agraria
_zPerú
650 2 0 _9270
_aEtnografía
650 2 0 _93049
_aIndígenas quechua
_zPerú
942 _2lcc
_b23 -05 - 21
_cBK
999 _c1938
_d1938